| 000 | 00730nam a2200181Ia 4500 | ||
|---|---|---|---|
| 008 | 100920s9999 xx 000 0 und d | ||
| 082 |
_b87745 _a320 थ 39 |
||
| 100 | _aदेवगिरीकर त्र्यं. र. | ||
| 245 | _aफेडरेशन व त्याचें भवितव्य. | ||
| 260 |
_bचित्रशाळा प्रेस प्रकाशन, पुणे 2. _c1939 |
||
| 300 |
_a518 _bसाधी |
||
| 365 | _b2 | ||
| 520 | _aराजकारण. | ||
| 630 | _aफेडरेशन व त्याचें भवितव्य. | ||
| 650 | _aराजकारण. | ||
| 730 | _aफेडरेशन व त्याचें भवितव्य. | ||
| 942 | _cBOOK | ||
| 999 |
_c728254 _d728251 |
||